Implicaciones clínicas de las pruebas piagetianas /

Sábháilte in:
Sonraí bibleagrafaíochta
Príomhchruthaitheoir: Flores M., Corina (Autora)
Formáid: LEABHAR
Teanga:Spanish
Ábhair:
Clibeanna: Cuir clib leis
Níl clibeanna ann, Bí ar an gcéad duine le clib a chur leis an taifead seo!

MARC

LEADER 00000nam a22000007a 4500
003 cru IIS
005 20231020062558.0
007 ta
008 220718b |||||||| |||| 00| 0 spa d
040 |c cru IIS 
100 1 |9 10505  |a Flores M., Corina  |e Autora 
245 1 |a Implicaciones clínicas de las pruebas piagetianas /  |c Corina Flores M. 
300 |a 51 páginas 
500 |a Colección Centroamérica 
650 0 |9 1426  |a ASPECTOS PSICOLOGICOS 
650 0 |a PSICOLOGIA  |9 3105 
650 0 |9 6119  |a HISTORIAS CLINICAS 
650 0 |9 3097  |a PSICÓLOGOS 
651 0 |9 32  |a COSTA RICA 
773 0 |0 18811  |9 3278  |a Universidad de Costa Rica. Instituto de Investigaciones en Psicología  |d San José, C.R.: Editorial de la UCR  |o 03618  |t Actualidades en Psicología / 
942 |2 ddc  |c PP 
999 |c 44388  |d 44388